Ils sont ou étaient français mais nés hors de France 5 - Statistiques

Statistiques générales
  • Ce quiz a été pris 14 fois
  • Le résultat moyen est 7 sur 40
Statistiques - réponses
Indice 1 Indice 2 Indice 3 Prénom et nom % Correct
Humoriste EK Tunisie Elie Kakou
50%
Architecte LC Suisse Le Corbusier
50%
Politicienne SR Sénégal Ségolène Royal
50%
Clown AZ Tunisie Achille Zavatta
43%
Dessinateur EB Serbie Enki Bilal
36%
Sportive EB Sierra Leone Eunice Barber
36%
Avocate GH Tunisie Gisèle Halimi
36%
Actrice MFP Vietnam Marie-France Pisier
36%
Ecrivaine MD Vietnam Marguerite Duras
29%
Sportif NK Serbie Nikola Karabatic
29%
Politicienne RY Sénégal Rama Yade
29%
Chanteur DB Tunis Dany Brillant
21%
Politicien EB Turquie Edouard Balladur
21%
Acteur MD Sénégal Mouss Diouf
21%
Sportif PE Sénégal Patrice Evra
21%
Scientifique PEV Suisse Paul-Emile Victor
21%
Sportif SB Venezuela Serge Blanco
21%
Chanteuse CG Vietnam Chantal Goya
14%
Chanteur EC Vietnam Eric Charden
14%
Scientifique GC Ukraine Georges Charpak
14%
Dessinateur GW Tunisie Georges Wolinski
14%
Cinéaste HV Turquie Henri Verneuil
14%
Chanteur MS Sénégal MC Solaar
14%
Humoriste MB Tunisie Michel Boujenah
14%
Sportif PV Sénégal Patrick Vieira
14%
Politicien PS Tunisie Philippe Seguin
14%
Couturier AA Tunisie Azzedine Alaïa
7%
Animatrice DL Tunisie Daniela Lumbroso
7%
Actrice DE Tunisie Danièle Evenou
7%
Producteur DA Tunisie Dove Attia
7%
Sportif JV Tunisie Jean Vuarnet
7%
Ecrivain BC Suisse Benjamin Constant
0%
Politicien BD Tunisie Bertrand Delanoë
0%
Chanteur CB Tunisie Claude Bartolone
0%
Poète CDL Uruguay Comte de Lautréamont
0%
Chanteur FG Tunisie Félix Gray
0%
Journaliste FG Suisse Françoise Giroud
0%
Acteur FC Vietnam Frédéric Chau
0%
Politicien JPM Suisse Jean-Paul Marat
0%
Couturier LA Tunisie Loris Azzaro
0%
Aucun quiz correspondant
Distribution des résultats
% des personnes avec chaque résultat
Percentile par nombre de réponses
Votre historique - résultats
Vous n’avez pas pris ce quiz